| 000 | 00392 a2200145 4500 | ||
|---|---|---|---|
| 005 | 20250630102529.0 | ||
| 020 | _a0-8273-1400-0 | ||
| 082 | _a658.02 HAI | ||
| 100 | _aHAILES, JR. W. D . | ||
| 245 | _aSmall Business Management | ||
| 260 |
_aNew York, _bDelmar Publishers Inc, _c1977. |
||
| 300 |
_avi 240p.: ill.; picture, _bindex, _c26cm. |
||
| 700 | _aHUBBARD, R . T . | ||
| 942 |
_2ddc _cBKS |
||
| 999 |
_c1959 _d1959 |
||